| 000 | 00575nam a22002057a 4500 | ||
|---|---|---|---|
| 999 |
_c5355 _d5355 |
||
| 003 | OSt | ||
| 005 | 20191105170344.0 | ||
| 008 | 161014b xxu||||| |||| 00| 0 eng d | ||
| 020 | _a9780415494038 | ||
| 040 | _cDDC | ||
| 082 | _a381 PAT 2006 | ||
| 100 |
_aPatibandla, Murali _911202 |
||
| 245 | _aEvolution of Markets and Institutions: a study of an emerging economy | ||
| 260 | _aLondon; Routledge, 2006 | ||
| 300 | _axv,345p; ill: 24cm | ||
| 504 | _aNotes, references, & index included | ||
| 650 |
_aMarkets _911203 |
||
| 650 |
_aEconomies _911204 |
||
| 942 |
_2z _cB_BANK |
||